Statistics for LOTR Characters' Many Names

Click here to take the quiz!

General Stats

  • This quiz has been taken 398 times
  • The average score is 11 of 38

Answer Stats

Hint Answer % Correct
Meriadoc BrandybuckMerry
82%
Peregrin TookPippin
81%
Samwise GamgeeSam
80%
GollumSmeagol
80%
AragornStrider
78%
Gandalf the GreyGandalf the White
69%
Mithrandir
61%
TreebeardFangorn
47%
Frodo BagginsThe Ringbearer
45%
The Ringwraiths
41%
Elessar
38%
The Dark Lord
31%
The Eye
30%
The NazgulBlack Riders
28%
Arwen EvenstarUndomiel
26%
The Nine
25%
Olorin
24%
The Necromancer
19%
Stormcrow
19%
The Grey Pilgrim
17%
Stinker
16%
Saruman of Many Colors
15%
The Enemy
14%
Saruman the WhiteSaruman the Wise
13%
Slinker
12%
Tom BombadilThe Master
12%
Sharkey
11%
Tharkun
7%
The White Rider
7%
Elfstone
6%
SauronThe Lord of the Rings
5%
Incanus
5%
The Eldest
5%
Iarwain Ben-adar
4%
Dunadan
3%
Forn
1%
Orald
1%
The Voice
0%

Score Distribution

Percentile by Number Answered

Percent of People with Each Score

Your Score History

You have not taken this quiz